000 01642cam a2200445 4500
001 ##L132349
008 020402n2006 000 0 eng u
035 _a(Sirsi) u132349
041 0 _aeng
050 0 4 _a306.1094 $2 18
100 1 _aBall, Michael
245 0 0 _aRICS European housing review 2006
_h[electronic resource]
260 _aLondon
_bRICS
_c2006
520 _aNow in its seventh year the "RICS European housing review" looks at the performance of 18 European housing markets in 2005, analysing trends across the continent in areas such as inflation, building activity, mortgage markets and turnover. Contains a pan-European market overview, summaries of recent market performance and detailed country reports for Belgium, France, Germany, Ireland, Italy, the Netherlands and Spain.
590 _aIKA140306
600 2 4 _aESTONIA
650 2 4 _aEUROPE
650 2 4 _aAUSTRIA
650 2 4 _aBELGIUM
650 2 4 _aDENMARK
650 2 4 _aFINLAND
650 2 4 _aFRANCE
650 2 4 _aGERMANY
650 2 4 _aGREECE
650 2 4 _aHUNGARY
650 2 4 _aIRELAND
650 2 4 _aITALY
650 2 4 _aNETHERLANDS
650 2 4 _aPOLAND
650 2 4 _aPORTUGAL
650 2 4 _aSPAIN
650 2 4 _aSWEDEN
650 2 4 _aSWITZERLAND
650 2 4 _aUNITED KINGDOM
650 _aRICS EUROPEAN HOUSING REVIEW
690 _aPROPERTY-RESIDENTIAL PROPERTY-RESIDENTIAL PROPERTY MARKET
710 2 _aRoyal Institution of Chartered Surveyors
_bResearch
_94902
856 4 0 _uhttps://www.rics.org/site/download_feed.aspx?fileID=1314&fileExtension=PDF
_zView the report free of charge on the www.rics.org website.
942 _n0
999 _c105102
_d105102